Loading...
| Social Science | 0 | 3 | 0 | 2 | 30 | 91 | 106.00 | 1 | 1 | 0.00 | 0.00 |
| Other | 0 | 3 | 0 | 0 | 30 | 61 | 96.00 | 1 | 2 | 0.00 | 0.00 |
| Religion | 0 | 3 | 0 | 1 | 30 | 68 | 94.00 | 0 | 1 | 0.00 | 0.00 |
| History - American | 0 | 3 | 1 | 1 | 25 | 79 | 107.33 | 0 | 1 | 0.00 | 0.00 |
| History - European | 0 | 3 | 1 | 0 | 25 | 71 | 88.67 | 1 | 3 | 0.00 | 0.00 |
| Literature - American | 0 | 2 | 0 | 0 | 20 | 62 | 96.00 | 1 | 2 | 0.00 | 0.00 |
| Literature - European | 0 | 2 | 0 | 0 | 20 | 139 | 142.50 | 0 | 2 | 0.00 | 0.00 |
| Mythology | 0 | 2 | 0 | 0 | 20 | 84 | 115.00 | 0 | 1 | 0.00 | 0.00 |
| History - World | 0 | 3 | 2 | 0 | 20 | 70 | 78.33 | 0 | 3 | 0.00 | 0.00 |
| History - Other | 0 | 2 | 1 | 1 | 15 | 109 | 118.00 | 0 | 1 | 0.00 | 0.00 |
| Science - Biology | 0 | 1 | 0 | 0 | 10 | 81 | 81.00 | 0 | 1 | 0.00 | 0.00 |
| Science - Other | 0 | 1 | 0 | 0 | 10 | 69 | 69.00 | 0 | 1 | 0.00 | 0.00 |
| Science - Chemistry | 0 | 0 | 1 | 0 | -5 | 0.00 | 0 | 0 | 0.00 | 0.00 | |
| Philosophy | 0 | 0 | 1 | 0 | -5 | 0.00 | 0 | 0 | 0.00 | 0.00 |